Perspectivas de la biodiversidad en Centroamerica 2003. Una primera aproximación al análisis de un tema prioritario /Edgar Gutiérrez Espeleta

Salvato in:
Dettagli Bibliografici
Autore principale: Gutiérrez Espeleta, Edgar e.
Ente Autore: Universidad de Costa Rica
Altri autori: Frenkel Van Gyseghem, Caty
Natura: testo
Pubblicazione: Distrito Federal: PNUMA
Tags: Aggiungi Tag
Nessun Tag, puoi essere il primo ad aggiungerne!!

MARC

LEADER 00000 a a2200000 04500
001 33031
003
040
090 |a 204800  
100 |a Gutiérrez Espeleta, Edgar e.  
110 |a Universidad de Costa Rica  
245 |a Perspectivas de la biodiversidad en Centroamerica 2003. Una primera aproximación al análisis de un tema prioritario /Edgar Gutiérrez Espeleta  
260 |a Distrito Federal:   |b PNUMA  
300 |a 146 p.   |b il.  
700 |a Frenkel Van Gyseghem, Caty  
999 |c 13544  |d 13544